| 000 | 00369nam a2200145 i 4500 | ||
|---|---|---|---|
| 001 | bg | ||
| 100 | 1 | _aOSKOTSKIJ, W. S. | |
| 245 | 0 |
_aDefekty w kristallach i teploprowodnost / _cW.S. Oskotskij, J.A. Smirnow. |
|
| 260 |
_aLeningrad, _c1972. |
||
| 700 | 1 | _aSMIRNOW, J. A. | |
| 040 | _cBPK | ||
| 041 | _apol | ||
| 942 | _cKS | ||
| 008 | s pl f |000 0 pol | ||
| 999 |
_c15084 _d15084 |
||
| 856 |
_uhttp://koha.tu.koszalin.pl/cgi-bin/koha/opac-detail.pl?biblionumber=15084 _yKatalog online BPK |
||